000 00429nam a2200181Ia 4500
008 170705s9999 xx 000 0 und d
020 _a9780545232623
245 _aI love my new toy! /
245 _cMo Willems.
260 _aNew York :
260 _bScholastic,
260 _c2008
300 _a57 pages :
300 _bcolor illustration ;
300 _c23cm.
440 _aAn Elephant & Piggie book.
500 _a10
999 _c336932
_d336932